| 000 | 00762nam a22002292 4500 | ||
|---|---|---|---|
| 001 | 0000001142 | ||
| 005 | 20151021151051.0 | ||
| 008 | 070227s xx 000 0 eng d | ||
| 020 | _a996694947X : | ||
| 040 |
_aKABU _cKABU |
||
| 050 | 0 |
_aG155 _b.K4I351 |
|
| 100 | 1 |
_aIkiara, Moses M. _@0000149685 |
|
| 245 | 1 | 0 |
_aEffects of visa waiver and increase in airport tax on Kenya' tourism industry / _cMoses M. Ikiara, Hezron O. Nyangito. |
| 260 |
_aNairobi : _bKIPPRA, _c2001. |
||
| 300 | _a28 p. | ||
| 650 | 0 |
_aTourism _zKenya. _@0000149686 |
|
| 700 | 1 |
_aNyangito, Hezron O. _@0000149687 |
|
| 908 | _a070227 | ||
| 950 | _@1 | ||
| 999 |
_c311 _d311 |
||